|
|
|
|
| LEADER |
00000cam a2200000 a 4500 |
| 001 |
vtls001162011 |
| 003 |
SK-MaSNL |
| 005 |
20260301063254.0 |
| 008 |
251124s1888 hu a | 00|0| hun |
| 020 |
|
|
|c b.c.
|
| 035 |
|
|
|a SNK000104920
|
| 040 |
|
|
|a SNK
|b slo
|c SNK
|e AACR2
|
| 041 |
0 |
|
|a hun
|
| 044 |
|
|
|a hu
|a HU
|
| 072 |
|
7 |
|a 81
|x Lingvistika. Jazyky
|2 konspekt
|
| 080 |
|
|
|a 094
|2 2011
|
| 080 |
|
|
|a 811.511.141
|2 2011
|
| 080 |
|
|
|a 81'36
|2 2011
|
| 100 |
1 |
|
|a Finály, Henrik,
|d 1825-1898
|4 aut
|9 378757
|
| 245 |
1 |
0 |
|a Hogy is mondják ezt magyarul?
|b elöadások a magyar nyelvtan köréböl; az 1885/86. tanév 2. felében a kolozsvári kir. Ferencz Jozsef -egyetem bölcselet-, nyelv- és történettudományi karában tartotta
|c Finály Henrik
|
| 260 |
|
|
|a Budapest
|b Magyar Tudományos Akadémia
|c 1888
|e Budapest
|f Franklin-Társulat
|
| 300 |
|
|
|a 296 s.
|c 23 cm
|
| 500 |
|
|
|a Kolácia: 296 s., 8°, 22 x 14 cm.
|
| 500 |
|
|
|a Linky.
|
| 500 |
|
|
|a Predslov na konci s textom "Kolozsvárt, július 16-kán, 1886".
|
| 561 |
|
|
|a Prov. peč.: Štátna vedecká knižnica v Prešove - Štátna študijná knižnica v Prešove - Az Eperjesi Kir. Kath. Fögymn. Tanári Könyvtára - Az Eperjesi Kir. Kath. Főgymnasium Pecsétje - VII. 1978 - Rkp.: Akadémiai ajándék 1889. jan. 10. - Magyar. 2.
|5 SVKPO: B 1475
|
| 563 |
|
|
|a Väzba: Pôvodná, kartón, čierny štruktúrovaný papier, chrbát a rohy tmavohnedá koža, na chrbte link. zlát. slepotlač s textom "Finály Hogy Mondját".
|5 SVKPO: B 1475
|
| 650 |
0 |
7 |
|a staré tlače
|2 SNKPH
|9 51683
|
| 650 |
0 |
7 |
|a maďarčina
|2 SNKPH
|9 1492
|
| 650 |
0 |
7 |
|a gramatika
|2 SNKPH
|9 865
|
| 655 |
|
7 |
|a Textbooks (higher)
|2 SNKPHeng
|9 276436
|
| 655 |
|
7 |
|a učebnice vysokých škôl
|2 SNKPH
|9 70191
|
| 752 |
|
|
|a a Maďarsko
|d Budapešť
|
| 852 |
|
|
|a SVKPO
|b Historické fondy
|p B 1475
|
| 958 |
|
|
|a ONDV
|
| 958 |
|
|
|a DF
|
| 999 |
|
|
|c 623482
|d 625412
|
| 952 |
|
|
|t P60, <04>, [BOOK], {604}
|a SNK
|b SNK
|y VYP
|7 0
|p 17A0260815
|o snkIC 129006
|i snkF 930/2000
|0 0
|1 0
|4 0
|d 2000-12-01
|l 0
|r 2005-01-01 00:00:00
|w 2026-02-23
|